00641nam a2200181 a 4500001001000000003000900010005001700019008004100036040002500077082002000102100003700122245008100159260004900240300002100289942001400310952011800324999001700442000013336DO-SdBNP20260115091814.0091123s1970 dr 000 0 spa d aDO-SdBNPbspacBNPHU 4aRD866.44bL898c1 aLovelace B., Manuel de J.93053210aCarta a mis hijas :b(la carta desden˃ada), 1948 /cManuel de J. Lovance B. aSanto Domingo :bLibreria Dominicana,c1970. a105 p. ;c22 cm. 2ddccLBS1 0010718PDaPDbPDcCTd2009-11-23iLF1l0oRD866.44 L898cp13336-10r2020-06-25w2020-06-25yLFPDZNo se presta c12964d12964